| Tag |
First Indicator |
Second Indicator |
Subfields |
| LEADER |
00000cam a22000008a 4500 |
| 001 |
in00001662015 |
| 005 |
20151023131025.0 |
| 008 |
010829s2002 nyu b 001 0 eng |
| 010 |
|
|
|a 2001053136
|
| 020 |
|
|
|a 0312293437
|
| 035 |
|
|
|a (OCoLC)ocm47973391
|
| 040 |
|
|
|a DLC
|c DLC
|d UtOrBLW
|
| 049 |
|
|
|a TXAM
|
| 050 |
0 |
0 |
|a PR3044
|b .B64 2002
|
| 082 |
0 |
0 |
|a 822.3/3
|2 21
|
| 100 |
1 |
|
|a Boehrer, Bruce Thomas.
|
| 245 |
1 |
0 |
|a Shakespeare among the animals :
|b nature and society in the drama of early modern England /
|c by Bruce Boehrer.
|
| 264 |
|
1 |
|a New York :
|b Palgrave,
|c 2002.
|
| 300 |
|
|
|a xii, 212 pages :
|b illustrations, maps ;
|c 22 cm.
|
| 336 |
|
|
|a text
|b txt
|2 rdacontent
|
| 337 |
|
|
|a unmediated
|b n
|2 rdamedia
|
| 338 |
|
|
|a volume
|b nc
|2 rdacarrier
|
| 490 |
1 |
|
|a Early modern cultural studies
|
| 504 |
|
|
|a Includes bibliographical references and index.
|
| 600 |
1 |
0 |
|a Shakespeare, William,
|d 1564-1616
|x Knowledge
|x Natural history.
|
| 650 |
|
0 |
|a Literature and society
|z England
|x History
|y 16th century.
|
| 650 |
|
0 |
|a Literature and society
|z England
|x History
|y 17th century.
|
| 650 |
|
0 |
|a Social values in literature.
|
| 650 |
|
0 |
|a Animals in literature.
|
| 650 |
|
0 |
|a Nature in literature.
|
| 830 |
|
0 |
|a Early modern cultural studies.
|
| 948 |
|
|
|a cataloged
|b h
|c 2002/4/26
|d c
|e cmulkey
|f 10:52:28 am
|
| 994 |
|
|
|a E0
|b TXA
|
| 999 |
|
|
|a MARS
|
| 999 |
f |
f |
|s 2bafe876-500b-3902-8ec4-9a81ce412a53
|i 0a7011ba-3223-3850-bb5a-702be85a0f7c
|t 0
|
| 952 |
f |
f |
|p normal
|a Texas A&M University
|b College Station
|c Sterling C. Evans Library
|d Evans: Library Stacks
|t 0
|e PR3044 .B64 2002
|h Library of Congress classification
|i unmediated -- volume
|m A14828843592
|
| 998 |
f |
f |
|a PR3044 .B64 2002
|t 0
|l Evans: Library Stacks
|